|
|
|
|
| LEADER |
01102nam a2200277 a 4500 |
| 001 |
1108255 |
| 008 |
090802s1995 nyub b 001 0 eng d |
| 010 |
|
|
|a 93038465
|
| 020 |
|
|
|a 0099223015
|
| 040 |
|
|
|a DLC
|c DLC
|d DLC
|
| 082 |
0 |
0 |
|a 956.9404
|2 20
|
| 100 |
1 |
|
|a Said, Edward W.
|
| 245 |
1 |
4 |
|a The politics of dispossession :
|b the struggle for Palestinian self-determination, 1969-1994 /
|c Edward W. Said.
|
| 250 |
|
|
|a 1st ed.
|
| 260 |
|
|
|a New York :
|b Vintage Books,
|c c1995.
|
| 300 |
|
|
|a xlviii, 450 p. :
|b maps ;
|c 25 cm.
|
| 500 |
|
|
|a maps on lining paper.
|
| 504 |
|
|
|a Includes bibliographical references (p. 423-431) and index.
|
| 541 |
1 |
|
|e 00015822
|
| 650 |
|
0 |
|a Jewish-Arab relations
|y 1973-
|
| 650 |
|
0 |
|a Self-determination, National.
|
| 650 |
|
0 |
|a Palestinian Arabs
|x Politics and government.
|
| 651 |
|
0 |
|a Arab countries
|x Politics and government
|y 1945-
|
| 852 |
4 |
|
|a Ayesha Abed Library
|j General Shelf.
|
| 999 |
|
|
|c 3164
|d 3164
|
| 952 |
|
|
|0 0
|1 0
|2 ddc
|4 0
|6 956_940400000000000_SAI
|7 0
|9 2866
|a BRACUL
|b BRACUL
|c GEN
|d 2009-08-30
|l 5
|m 26
|o 956.9404 SAI
|p 3010015822
|r 2025-10-25
|s 2025-10-19
|t 1
|w 2009-08-30
|y BK
|